| 000 | 01468nam a2200397 c 4500 | ||
|---|---|---|---|
| 003 | BLK | ||
| 005 | 20220808161615.0 | ||
| 008 | 180411b bul|||||r ||||||| ||bul|| | ||
| 010 | _aKNG00188244000 | ||
| 020 |
_a978-0-19-479052-9 _bиздат.: Oxford Univ. Press |
||
| 040 | _aBLK | ||
| 041 |
_aENG _cENG |
||
| 072 | 7 |
_2bullib _aН80 _xЕзикознание Н |
|
| 080 |
_aАнглийски език _b811.111 _x(075.4) _z811.111(075.4) |
||
| 080 |
_aАнглоканадска литература _b821.111(71) _x-32-91 _z821.111(71)-32-91 |
||
| 100 | 1 |
_aMontgomery, Lucy Maud _eпърви автор _9292710 |
|
| 700 | 1 |
_aWest, Clare _eretold by _9275986 |
|
| 139 |
_aMontgomery, Lucy Maud _bM 82 |
||
| 245 | 1 | 0 |
_aAnne of Green Gables _bStage 2 _cLucy Maud Montgomery; retold by Clare West. |
| 257 | _aCAN | ||
| 260 |
_аOxford _bOxford Univ. Press _c2008 |
||
| 300 |
_a56 с. _bс ил. _c20 см _eCD |
||
| 380 | _a80 | ||
| 490 | 1 | _aOxford Bookworms Library | |
| 490 | 1 |
_3Подсерия _aHuman Interest |
|
| 500 | _aCD със същото загл. и сигн. Цб CD 4163 | ||
| 650 | 4 |
_aАнглийски език - текстове, адаптирани _9241528 |
|
| 653 | _aанглийски език | ||
| 653 | _aадаптирани книги | ||
| 659 | _aН | ||
| 852 | _aЦб 280853 | ||
| 856 | 4 |
_qpdf _u |
|
| 856 | 4 |
_qpdf _u |
|
| 942 |
_cKNG _n0 _03 |
||
| 944 |
_aCR _c06.06.2016 _kВиолета_Тройчева |
||
| 944 |
_aED _c11.08.2016 _kГеновева_Генчева |
||
| 999 |
_c179465 _d179465 |
||